Analysis of biological processes Verbal description, schemes, and mathematical models /

The main concern of the book is analysis of biological processes, the final stage of which is mathematical modeling, i.e. quantitative presentation of the processes in rigorous mathematical terms. It is designated for non-mathematicians. Mathematical models can be compared with experimental data thu...

Πλήρης περιγραφή

Λεπτομέρειες βιβλιογραφικής εγγραφής
Κύριος συγγραφέας: Juška, Alfonsas (Συγγραφέας)
Συγγραφή απο Οργανισμό/Αρχή: SpringerLink (Online service)
Μορφή: Ηλεκτρονική πηγή Ηλ. βιβλίο
Γλώσσα:English
Έκδοση: Dordrecht : Springer Netherlands : Imprint: Springer, 2015.
Έκδοση:1st ed. 2015.
Θέματα:
Διαθέσιμο Online:Full Text via HEAL-Link
LEADER 02454nam a22004815i 4500
001 978-94-017-7373-7
003 DE-He213
005 20151204170111.0
007 cr nn 008mamaa
008 151204s2015 ne | s |||| 0|eng d
020 |a 9789401773737  |9 978-94-017-7373-7 
024 7 |a 10.1007/978-94-017-7373-7  |2 doi 
040 |d GrThAP 
050 4 |a R-RZ 
072 7 |a MBGR  |2 bicssc 
072 7 |a MED000000  |2 bisacsh 
082 0 4 |a 610  |2 23 
100 1 |a Juška, Alfonsas.  |e author. 
245 1 0 |a Analysis of biological processes  |h [electronic resource] :  |b Verbal description, schemes, and mathematical models /  |c by Alfonsas Juška. 
250 |a 1st ed. 2015. 
264 1 |a Dordrecht :  |b Springer Netherlands :  |b Imprint: Springer,  |c 2015. 
300 |a XIV, 166 p.  |b online resource. 
336 |a text  |b txt  |2 rdacontent 
337 |a computer  |b c  |2 rdamedia 
338 |a online resource  |b cr  |2 rdacarrier 
347 |a text file  |b PDF  |2 rda 
520 |a The main concern of the book is analysis of biological processes, the final stage of which is mathematical modeling, i.e. quantitative presentation of the processes in rigorous mathematical terms. It is designated for non-mathematicians. Mathematical models can be compared with experimental data thus verifying the validity of the models and finally of the initial assumptions and verbal descriptions of the processes. The models (usually in the form of mathematical equations) are achieved painlessly via the schemes summarising verbal description of what is known concerning the processes. To solve the equations computer software is used. The step-by-step analysis leads to quite sophisticated models some of them being original. The book helps the reader to develop more general approach to the problems. It may be useful for experienced readers as well. 
650 0 |a Medicine. 
650 0 |a Application software. 
650 0 |a Bioinformatics. 
650 0 |a Applied mathematics. 
650 0 |a Engineering mathematics. 
650 1 4 |a Biomedicine. 
650 2 4 |a Biomedicine general. 
650 2 4 |a Bioinformatics. 
650 2 4 |a Applications of Mathematics. 
650 2 4 |a Computer Applications. 
710 2 |a SpringerLink (Online service) 
773 0 |t Springer eBooks 
776 0 8 |i Printed edition:  |z 9789401773720 
856 4 0 |u http://dx.doi.org/10.1007/978-94-017-7373-7  |z Full Text via HEAL-Link 
912 |a ZDB-2-SBL 
950 |a Biomedical and Life Sciences (Springer-11642)